<?xml version="1.0" encoding="UTF-8"?>
<collection xmlns="http://www.loc.gov/MARC21/slim">
 <record>
  <leader>00676pamaa2200205   4500</leader>
  <controlfield tag="001">0000037890</controlfield>
  <controlfield tag="005">20130314090000.0</controlfield>
  <datafield tag="020" ind1="0" ind2="0">
   <subfield code="a">042183790X </subfield>
  </datafield>
  <datafield tag="082" ind1=" " ind2=" ">
   <subfield code="a">346.42034 PRI 2003</subfield>
  </datafield>
  <datafield tag="090" ind1="0" ind2="0">
   <subfield code="a">KD7980 </subfield>
   <subfield code="b">PRI 2003</subfield>
  </datafield>
  <datafield tag="100" ind1="1" ind2="0">
   <subfield code="a">PRICE </subfield>
  </datafield>
  <datafield tag="245" ind1="1" ind2="0">
   <subfield code="a">Defamation law, procedure &amp; practice  </subfield>
   <subfield code="c">David Price and Korieh Duodu.</subfield>
  </datafield>
  <datafield tag="250" ind1="0" ind2="0">
   <subfield code="a">3rd ed.</subfield>
  </datafield>
  <datafield tag="260" ind1="0" ind2="0">
   <subfield code="a">London: </subfield>
   <subfield code="b">Sweet &amp; Maxwell, </subfield>
   <subfield code="c">2003.</subfield>
  </datafield>
  <datafield tag="300" ind1=" " ind2=" ">
   <subfield code="a">lix, 626p.; </subfield>
   <subfield code="c">24 cm.</subfield>
  </datafield>
  <datafield tag="501" ind1="0" ind2="0">
   <subfield code="a">DLWUK</subfield>
  </datafield>
  <datafield tag="650" ind1="0" ind2="0">
   <subfield code="a">Libel and slander -- </subfield>
   <subfield code="z">England </subfield>
  </datafield>
  <datafield tag="650" ind1="0" ind2="0">
   <subfield code="a">Libel and slander -- </subfield>
   <subfield code="z">Wales </subfield>
  </datafield>
  <datafield tag="700" ind1="1" ind2="1">
   <subfield code="a">Duodu, </subfield>
   <subfield code="h">Korieh </subfield>
  </datafield>
  <datafield tag="901" ind1=" " ind2=" ">
   <subfield code="u">http://www.sweetandmaxwell.co.uk/details?prodid=108127&amp;unitid=127825&amp;search=&amp;format=&amp;publisher=&amp;subject=&amp;from=&amp;to=</subfield>
  </datafield>
 </record>
</collection>
